Discusiones entre un protestante y los católicos-romanos. (Record no. 48814)

MARC details
000 -LEADER
campo de control de longitud fija 00787nam a2200229 i 4500
001 - NÚMERO DE CONTROL
campo de control 48814
003 - IDENTIFICADOR DE NÚMERO DE CONTROL
campo de control ES-MaACL
005 - FECHA Y HORA DE LA ÚLTIMA TRANSACCIÓN
campo de control 20250831062447.0
007 - CAMPO FIJO DE DESCRIPCIÓN FÍSICA--INFORMACIÓN GENERAL
campo de control de longitud fija t|
008 - DATOS DE LONGITUD FIJA--INFORMACIÓN GENERAL
campo de control de longitud fija 950906s1875 sp |||| | spa d
040 ## - FUENTE DE CATALOGACIÓN
Centro catalogador/agencia de origen CAM
Lengua de catalogación spa
Centro/agencia transcriptor CAM
245 00 - MENCIÓN DEL TÍTULO
Título Discusiones entre un protestante y los católicos-romanos.
250 ## - MENCION DE EDICION
Mención de edición 2ª ed. de las Noches con los romanistas, mejorada.
260 ## - PUBLICACIÓN, DISTRIBUCIÓN, ETC.
Lugar de publicación, distribución, etc. Madrid :
Nombre del editor, distribuidor, etc. Librería Nacional y Extranjera,
Fecha de publicación, distribución, etc. 1875 (
Fabricante José Cruzado)
300 ## - DESCRIPCIÓN FÍSICA
Extensión 320 p. ;
Dimensiones 19 cm.
610 27 - PUNTO DE ACCESO ADICIONAL DE MATERIA--NOMBRE DE ENTIDAD CORPORATIVA
Nombre de entidad corporativa o nombre de jurisdicción como elemento de entrada Iglesia Católica-
Subdivisión general Doctrinas
Fuente del encabezamiento o término
9 (RLIN) 151420
650 04 - PUNTO DE ACCESO ADICIONAL DE MATERIA--TÉRMINO DE MATERIA
Término de materia o nombre geográfico como elemento de entrada Protestantismo.
9 (RLIN) 16517
852 ## - LOCALIZACIÓN
Ubicación ES-MaACL
Número de control de estantería D-1371
itemnumber 50673
Ubicación en estantería Sala Valle Inclán
852 ## - LOCALIZACIÓN
Ubicación ES-MaACL
itemnumber 50672
Número de control de estantería T-410-F-1
Nota libre Enc. en un vol. facticio
condición física Ejemp. falto de cub.
Ubicación en estantería Depósito folletos
942 ## - ELEMENTOS DE ENTRADA SECUNDARIOS (KOHA)
Fuente del sistema de clasificación o colocación Clasificación decimal universal
Holdings
Estatus retirado Estado de pérdida Estado de daño No para préstamo Colección Biblioteca de origen Biblioteca actual Ubicación en estantería Fecha de adquisición Fuente de adquisición Total de préstamos Signatura topográfica completa Código de barras Visto por última vez Precio de reemplazo Tipo de ítem Koha
        Colección de folletos Biblioteca del Ateneo de Madrid Biblioteca del Ateneo de Madrid Depósito folletos 06/06/2017     T-410-F-1 1197702 23/02/2023 23/02/2023 Folleto
        Libros del s. XIX Biblioteca del Ateneo de Madrid Biblioteca del Ateneo de Madrid Sala Valle Inclán 17/01/2008     D-1371 901051369 23/02/2023 23/02/2023 Libro impreso antiguo